| 000 | 00399cam a2200157ua 4500 | ||
|---|---|---|---|
| 003 | OSt | ||
| 008 | 240220b |||||||| |||| 00| 0 eng d | ||
| 041 | _aeng | ||
| 082 |
_a631.4 _bWIL/SO |
||
| 100 |
_aWild, Alan . _96077 |
||
| 245 | _aSoils and the environment an Introduction / | ||
| 250 | _a1 / | ||
| 260 |
_a : _bCambridge at the University Press , _c1993. |
||
| 300 | _a288 ; . | ||
| 942 | _cBK | ||
| 999 |
_c3000 _d3000 |
||